Normal view
MARC view
- C PLUS PLUS COMPUTER ALGORITHMS NEURAL NETWORKS-COMPUTER SCIENCE
Entry Topical Term
001 - CONTROL NUMBER
- control field: 67459
003 - CONTROL NUMBER IDENTIFIER
- control field: NUST
005 - DATE AND TIME OF LATEST TRANSACTION
- control field: 20210628203828.0
008 - FIXED-LENGTH DATA ELEMENTS
- fixed length control field: 210628|| aca||aabn | a|a d
040 ## - CATALOGING SOURCE
- Original cataloging agency: NUST
- Transcribing agency: NUST
150 ## - HEADING--TOPICAL TERM
- Topical term or geographic name entry element: C PLUS PLUS COMPUTER ALGORITHMS NEURAL NETWORKS-COMPUTER SCIENCE
670 ## - SOURCE DATA FOUND
- Source citation: Work cat.: (NUST): MASTERS, TIMOTH 67458, ADVANCED ALGORITHMS FOR NEURAL NETWORKS , A C++ SOURCEBOOK, 1993
